000 01273cam a2200337 a 4500
001 016443799
003 OSt
005 20161025133035.0
008 130520s2013 enk frb 001 0 eng d
020 _a9781137305947 (pbk)
020 _a9780230276994 (hbk)
040 _aStDuBDS
_beng
_cStDuBDS
_dIeDuTC
_dUk
_dEG-ScBUE
082 0 4 _a302.23
_bDIS
_222
245 0 0 _aDiscourse theory and critical media politics /
_cedited by Lincoln Dahlberg, Sean Phelan.
260 _aBasingstoke, England ;
_aNew York :
_bPalgrave Macmillan / Macmillan Publishers Limited,
_c2013.
300 _aix, 257 p. ;
_c22 cm.
500 _aIndex : p. 250-257.
500 _aOriginally published : 2011.
504 _aIncludes bibliographical references.
600 1 0 _aLaclau, Ernesto,
_d1935-2014
_xCriticism and interpretation.
600 1 0 _aBourdieu, Pierre,
_d1930-2002
_xCriticism and interpretation.
650 7 _aDiscourse analysis
_xPolitical aspects.
_2BUEsh
650 7 _aField theory (Social psychology)
_2BUEsh
651 _2BUEsh
653 _bCOMAME
_cMay2015
655 _vreading book
_934232
650 7 _928561
_aMass media
_xPolitical aspects
_2BUEsh
700 1 _aDahlberg, Lincoln,
_d1966-
_eeditor.
700 1 _aPhelan, Sean,
_d1972-
_eeditor.
942 _2ddc
_k302.23 DIS
999 _c19258
_d19230